000 00740nam a2200229Ii 4500
003 JO-AjNU
008 230605s9999||||xx |||||||||||||| ||und||
017 _a1980/2909
020 _a1977-256-406-8
040 _aJO-AjNU
_bara
_erda
_cJO-AjNU
041 _aara
050 1 4 _aK967.R37.1980
100 3 _a رسلان، انور احمد,
_eauthor
_946806
245 0 0 _aمسئولية الدولة غير التعاقدية
250 _a(د،ط)
264 3 1 _aالقاهرة : دار النهضة العربية ، 1980
300 _a288ص
336 _atext
_btxt
_2rdacontent
337 _aunmediated
_bn
_2rdamedia
338 _avolume
_bnc
_2rdacarrier
650 4 _aقضاء التعويض -- مسؤولية الدولة
_946807
999 _aA20389
_c23957
_d23957